[Event "EU-ch 17th"]
[Site "Gjakova"]
[Date "2016.05.21"]
[Round "9"]
[White "Jobava, Baadur"]
[Black "Vallejo Pons, Francisco"]
[Result "1/2-1/2"]
[WhiteElo "2661"]
[BlackElo "2700"]
[Annotator "Mokal,P"]
[PlyCount "85"]
[EventDate "2016.05.12"]
[EventType "swiss"]
[EventRounds "11"]
[EventCountry "KOS"]
[SourceTitle "CBM 173"]
[Source "ChessBase"]
[SourceDate "2016.07.12"]
[SourceVersion "1"]
[SourceVersionDate "2016.07.12"]
[SourceQuality "1"]

1. b3 Nf6 2. Bb2 g6 3. d4 Bg7 4. e3 d5 5. Nc3 c5 6. Qd2 cxd4 ({Jobava and
Mamedyarov played a couple of games in this variation that went} 6... Nc6 7.
O-O-O cxd4 8. exd4 {In the 2015 Grand Prix Mamedyarov chose} Qa5 {deviating
from their earlier game.} ({Another encounter (but a blitz game) between the
same opponents went} 8... O-O 9. f3 h5 10. Kb1 Bf5 11. a3 Rc8 12. Nge2 b5 $13 {
1/2-1/2 Jobava,B (2711)-Mamedyarov,S (2764)/Beijing CHN 2012. (32)}) 9. f3 h5
10. Kb1 Bf5 $132 {1-0 Jobava,B (2696)-Mamedyarov,S (2759)/Tbilisi 2015/[Mokal,
P] (27). There is hardly any reason for Black to be unhappy about his position
here. His pieces are being developed well and are coordinating efficiently.})
7. exd4 Nc6 8. f3 h5 9. Bb5 (9. O-O-O Bh6 10. f4 Bf5 $15) 9... Qc7 $146 {
A new move by Vallejo but not very different.} ({In Jobava - Carlsen, Wijk aan
Zee 2015, the World Champion chose} 9... Qd6 {and after} 10. Nge2 Bh6 11. Qd1 (
11. Qd3 a6 12. Bxc6+ Qxc6 $15) 11... Bf5 ({Ftacnik suggested} 11... a6 12.
Bxc6+ Qxc6 13. Bc1 Bg7 14. O-O Bf5 $15) 12. Bc1 Bxc1 13. Rxc1 Rc8 {0-1 Jobava,
B (2727)-Carlsen,M (2862)/Wijk aan Zee 2015/CBM 165/[Ftacnik,L] (50). Black
was comfortably placed. Carlsen kept pushing with a very tiny edge later and
eventually won.}) 10. Nge2 Bh6 11. Qd1 Bf5 ({Just as in the Carlsen game,
Ftacnik's suggestion of} 11... a6 12. Bxc6+ Qxc6 $15 {is likely to give Black
an edge.}) 12. Bc1 Kf8 $5 (12... Bxc1 13. Rxc1 a6 14. Bxc6+ Qxc6 {makes sense
too, although Black is no longer that much better.}) 13. Bxh6+ Rxh6 14. Qd2 Kg7
15. Bxc6 Qxc6 ({If Black fixes the pawn structure with} 15... bxc6 {then White
can even consider taking his K to the <<, for example} 16. Na4 Nd7 17. O-O-O {
[%csl Ga4,Gc5]}) 16. a4 Rhh8 17. O-O Rhe8 ({In the above mentioned game
between Jobava and Carlsen, Black later used a dynamic idea of playing ...h4
and then ...h3 making the White K's position slightly vulnerable. Applying the
plan here with} 17... h4 {was a decent alternative.}) 18. Rfe1 Rac8 19. Rac1
Qd6 {What remains for White now is an improvement of his pieces. Jobava
manoeuvres his Ns towards the key squares.} 20. Nd1 {[%cal Gd1e3,Gd1f2,Gf2d3,
Gd3e5]} Bd7 ({Had Black played} 20... Rc7 {White would have chosen a different
square for his N with} 21. Ne3 {intending} Bd7 22. c4 $14) 21. Nf2 {[%cal
Gf2d3,Gd3e5]} ({The alternative was} 21. Ne3 $5 {insisting on playing c4 but
Black would not need to waste a move wth Rc7 and could play something better
instead, like} h4 (21... b6 22. c4) 22. c4 b6 $132 {[%cal Gh4h3]}) 21... Rc7 ({
Once again the move} 21... h4 {[%csl Rg3][%cal Gd7f5] came into consideration,
controlling the g3-square and securing f5 for the B later.} 22. Nd3 Bf5 23. Ne5
Nd7 $11 {[%cal Gh4g3]} 24. Qg5 $2 f6) (21... Bf5 22. Ng3 Bd7 23. Nd3 h4 24. Ne2
Bf5 {is same as 21...h4.}) 22. Nd3 Bf5 23. Ne5 Rec8 (23... h4 24. c4 $14 Nd7 $2
25. c5 Qa6 26. Qf4 $16) 24. c3 ({Black is doing fine after} 24. c4 dxc4 25.
Nxc4 (25. bxc4 Be6 26. Qd3 b6 (26... Nd7)) 25... Qd8 $11) 24... Nd7 25. Ng3 Qf6
(25... Be6 26. Nxh5+ gxh5 27. Qg5+ Kf8 28. Qxh5 $13 {would suit Jobava's
dynamic style.} (28. Qh6+ Ke8 29. Nxf7 Kxf7 30. Qxh5+ $11)) 26. a5 (26. c4 $5 {
is tempting as always but it does not seem too threatening. For example after}
b6 (26... dxc4 27. Nxc4 h4 (27... Be6 $2 28. Ne4 $18) (27... e6 28. Rcd1 $132 {
[%cal Gd4d5]}) 28. Nxf5+ gxf5 $13 (28... Qxf5 $2 29. Rxe7 $16)) 27. a5 dxc4 28.
Nxc4 Kh7 ({or} 28... Kg8 $11 {it is hard to find a clear plan to an advantage.}
)) 26... e6 27. Re3 Nb8 28. Ne2 (28. c4 h4 29. Nxf5+ Qxf5 $11) 28... Nc6 29. b4
Qg5 $5 ({This was Black's last chance to play} 29... h4 $5 {securing a very
tiny edge. If play continued naturally with} 30. a6 b6 31. Rf1 Qg5 {Black
would be in better control than the game.}) 30. g3 {Finally White stops ...h4.}
a6 (30... h4 $2 31. g4 $16) 31. Nxc6 Rxc6 32. Kf2 Qh6 33. h4 Kg8 (33... g5 $6
34. hxg5 Qxg5 35. Rh1 $14) 34. Ra1 R6c7 35. Ra2 Qf8 36. Nc1 {It seems like a
deadlock but then suddenly...} e5 37. Nb3 {A safe approach from Jobava,
refusing the gift of a P or two.} ({Black would have some practical chances
after} 37. dxe5 d4 38. Qxd4 Rd7 39. Qf4 Rd1 {[%cal Gf5h3] White could wriggle
out of it with accurate play but maybe Jobava considered it dangerous.} ({or} 
39... Qd8 {[%cal Gd7d1,Gf5h3]}) (39... Qe8 $5) 40. Nb3 (40. g4 $2 Bb1) 40...
Be6 41. Rb2 Bh3 42. Rd2 (42. g4 hxg4 43. Kg3) 42... Rf1+ 43. Ke2 $14) 37... e4
38. f4 Qe8 39. Nc5 Bd7 40. Re1 Rd8 41. Kg1 f5 42. Qe3 Bb5 43. Ra3 1/2-1/2

[Event "Minneapolis HB Global op"]
[Site "Minneapolis"]
[Date "2005.05.21"]
[Round "7"]
[White "Ardaman, Miles"]
[Black "Serper, Grigory"]
[Result "1-0"]
[WhiteElo "2308"]
[BlackElo "2546"]
[Annotator "Mueller,Karsten"]
[PlyCount "105"]
[EventDate "2005.05.18"]
[EventType "swiss"]
[EventRounds "9"]
[EventCountry "USA"]
[SourceTitle "CBM 107"]
[Source "ChessBase"]
[SourceDate "2005.08.01"]
[SourceVersion "1"]
[SourceVersionDate "2005.08.01"]
[SourceQuality "1"]

1. b3 d5 2. Bb2 c5 3. e3 a6 4. c4 d4 5. exd4 cxd4 6. f4 g6 7. Nf3 Bg7 8. Na3
Nh6 9. Nc2 Nc6 10. Bd3 Qd6 11. g3 O-O 12. Ba3 Qc7 13. Qe2 Re8 14. O-O e5 15.
fxe5 Nxe5 16. Nxe5 Rxe5 17. Qg2 Rh5 18. Rfe1 Bh3 19. Qf3 Be5 20. Re4 Bf5 21.
Rxe5 Bg4 22. Rxh5 Bxf3 23. Rxh6 Qa5 24. Bb4 Qg5 25. Rh4 a5 26. Nxd4 axb4 27.
Nxf3 Qf6 28. Rf1 Rxa2 29. c5 Qe7 30. Bc4 Qxc5+ 31. d4 Qc6 32. Rf4 b5 33. Bxf7+
Kg7 34. Rf2 Qc1+ 35. Kg2 Rxf2+ 36. Kxf2 Qd1 37. Kg2 Qe2+ 38. Kh3 Qf1+ 39. Kh4
Qe2 40. g4 h6 41. Kg3 g5 42. Rf5 Qe7 43. h4 gxh4+ 44. Kh3 Qd6 45. Kxh4 Qe7+ 46.
Kh5 Qd6 47. d5 Qc5 48. Be6 Qe3 49. Rf7+ Kh8 50. Kg6 Qe4+ 51. Kxh6 {Es folgt
noch zwei nette Pattwitze, die aber leicht abgewehrt werden:} Qf4+ $5 52. Ng5 (
52. Rxf4 $4 {patt}) (52. g5 $4 Qxf7 53. Bxf7 {patt}) 52... Qf6+ 53. Kh5 (53.
Kh5 Qe7 54. d6 Qb7 55. Kg6 $18) 1-0

[Event "USA-ch"]
[Site "Saint Louis"]
[Date "2016.04.23"]
[Round "9"]
[White "Kamsky, Gata"]
[Black "Chandra, Akshat"]
[Result "1-0"]
[WhiteElo "2678"]
[BlackElo "2477"]
[Annotator "Pavlovic,M"]
[PlyCount "159"]
[EventDate "2016.04.14"]
[EventType "tourn"]
[EventRounds "11"]
[EventCountry "USA"]
[EventCategory "17"]
[SourceTitle "CBM 172"]
[Source "ChessBase"]
[SourceDate "2016.05.12"]
[SourceVersion "1"]
[SourceVersionDate "2016.05.12"]
[SourceQuality "1"]

1. b3 {Players are simply tired of long lines so simply switching to less
known territories is common today.} e5 2. Bb2 Nc6 3. e3 Nf6 4. Bb5 Bd6 {
The modern approach.} 5. Na3 a6 6. Be2 {Less played, the alternative is more
popular and more logical anyway:} (6. Bxc6 dxc6 7. Nc4 Qe7 8. h3 O-O 9. Ne2 b5
10. Nxd6 cxd6 11. O-O Nd5 12. a4 Be6 13. e4 Nb6 14. a5 Nd7 15. d4 {1-0 (48)
Jobava,B (2673)-Carstensen,J (2356) Sweden 2016; with an interesting and
complicated game ahead of us.}) 6... e4 7. d4 exd3 8. Qxd3 $5 {A new move but
probably with the idea to play something else rather than to play something
better.} (8. cxd3 Bb4+ 9. Kf1 d5 10. Rc1 O-O 11. Nf3 Bd6 12. h3 Nb4 13. Qd2 c5
$15 {0-1 (36) Filippov,A (2606)-Bacrot,E (2710) Khanty-Mansiysk 2011}) 8... Qe7
9. Nc4 Bb4+ {In my opinion an alternative would give Black an easy game:} (9...
Bc5 10. a3 (10. Nf3 d5 11. Ncd2 Nb4 12. Qc3 d4 $5 13. exd4 Bd6 14. Ne5 c5 15.
O-O cxd4 16. Qxd4 Nxc2 17. Qa4+ Kf8 $17) 10... d5 11. Nd2 Ne5 12. Qc3 Bd6 13.
Ngf3 Nxf3+ 14. Bxf3 c6 15. O-O Bf5 16. Rfe1 O-O-O 17. b4 h5 18. Qb3 Kb8 19. c4
Bxh2+ 20. Kxh2 Ng4+ 21. Kg1 Qh4 {Black has seized the initiative. This is of
course just one possible line.}) 10. c3 Bc5 {Having c3 is actually in White's
favour now as the queen on d3 is not in danger of a possible ...Nb4, and b3-b4
is an asset.} 11. Nf3 d5 12. Ncd2 O-O 13. a3 Rd8 14. b4 Ba7 (14... Bd6 15. c4
Ne5 16. Nxe5 Bxe5 17. Bxe5 Qxe5 18. O-O Bg4 {Black is ok.}) 15. c4 dxc4 {
An alternative was sensible especially because on a previous move Black
decided to go to a7 with his bishop;} (15... d4 16. exd4 Re8 17. Nf1 Bf5 18.
Qd1 Rad8 19. Ne3 Bg6 20. O-O Ng4 $1 21. Nxg4 Qxe2 22. Qxe2 Rxe2 23. d5 Nxb4 24.
Bxg7 Kxg7 25. axb4 Rb2 $13) 16. Qxc4 Bf5 (16... Be6 17. Qc3 Bd5 18. O-O Rd6 19.
Rae1 $5 Rad8 20. e4 $16) 17. O-O Ne4 18. Nxe4 Bxe4 19. h4 $5 {With the bishop
on a7 such a move is possible.} h6 20. Qc3 f6 21. Rad1 Bg6 22. Qc4+ Bf7 23. Qg4
Rxd1 24. Rxd1 Rd8 25. Rc1 {White has an easier game.} h5 26. Qf5 Qe6 27. Qxe6
Bxe6 28. Bxa6 Nxb4 29. Bxb7 Nd3 30. Rc6 $6 {A tactical mistake.} (30. Rd1 Rb8
31. Rxd3 Rxb7 32. Nd4 Bf7 33. Rd2 Bc5 {Black is a pawn down, but the bishop
pair helps him to keep this endgame in balance.}) 30... Bd5 $6 {Black misses a
chance:} (30... Nc5 $1 31. Bd4 Bd5 $1 32. Rxc7 Bxb7 33. Ne1 (33. Bxc5 Bb8 $1 {
Black wins materal due to the ...Rd1 mate threat!}) 33... Bb6 34. Rxc5 Bxc5 35.
Bxc5 Rd1 36. Bb4 {Probably White can hold this endgame, but certainly it is
not what Kamsky wanted.}) 31. Rxc7 {White is much better now.} Bxe3 32. fxe3
Nxb2 33. Nd4 Bxb7 34. Rxb7 Nc4 35. Kf2 Nxa3 36. Nf5 Rd2+ 37. Kg3 Nc2 38. e4 Kf8
$6 {It could be that Black simply thought that the move order doesn't matter...
} (38... Ne1 $1 39. Rxg7+ Kf8 40. Kh3 Nd3 41. Rh7 Kg8 42. Rh6 Re2 {Black is
holding here for a while and it is not easy to see if White can make any
significant progress at the moment.} 43. Rg6+ Kh7 44. Rxf6 Nf2+ 45. Kg3 Nxe4+
46. Kf3 Nxf6 47. Kxe2 $11) 39. Nxg7 $1 {But it does!} Ne1 40. Ne6+ Kg8 41. Nf4
{White wins now.} Ra2 42. Rd7 Kf8 43. Rd5 Kf7 44. e5 fxe5 45. Rxe5 Nc2 46. Rf5+
Ke7 47. Rxh5 {The rest of the game is just technical.} Kf6 48. Rg5 Ra3+ 49. Kf2
Nd4 50. Nd5+ Ke6 51. Ne3 Ra2+ 52. Kg1 Re2 53. Rg4 Ke5 54. Nc4+ Kd5 55. Nb6+ Ke5
56. Nd7+ Kd5 57. Nf6+ Ke5 58. Nh5 Re4 59. Rxe4+ Kxe4 60. Kh2 Kf5 61. Kh3 Ne6
62. Kg3 Nc5 63. Kf3 Nd3 64. g4+ Ke5 65. Ke3 Nc5 66. Nf4 Nb7 67. Nd3+ Kf6 68.
Kf4 Nd6 69. g5+ Kg6 70. Kg4 Ne4 71. h5+ Kg7 72. Nf4 Nd6 73. h6+ Kh7 74. Kh5 Ne8
75. g6+ Kh8 76. Kg5 Nc7 77. Kf6 Kg8 78. Ke7 Kh8 79. Kf7 Ne6 80. Kxe6 1-0

[Event "Sautron op 13th"]
[Site "Sautron"]
[Date "2013.11.01"]
[Round "8"]
[White "Burmakin, Vladimir"]
[Black "Haub, Thorsten Michael"]
[Result "1-0"]
[WhiteElo "2581"]
[BlackElo "2455"]
[Annotator "RR"]
[PlyCount "83"]
[EventDate "2013.10.26"]
[EventType "swiss"]
[EventRounds "9"]
[EventCountry "FRA"]
[SourceTitle "EXT 2014"]
[Source "ChessBase"]
[SourceDate "2013.11.20"]
[SourceVersion "1"]
[SourceVersionDate "2013.11.20"]
[SourceQuality "1"]
[TimeControl "40/5400+30:1800+30"]
[WhiteClock "1:30:00"]
[BlackClock "1:30:00"]

1. b3 {[%emt 0:00:00]} e5 {[%emt 0:00:00]} 2. Bb2 {[%emt 0:00:00]} d6 {[%emt 0:
00:00]} 3. e3 {[%emt 0:00:00]} Nf6 {[%emt 0:00:35]} 4. c4 {[%emt 0:00:48]} c6 {
[%emt 0:00:56]} 5. d4 {[%emt 0:00:38]} Nbd7 {[%emt 0:00:31]} 6. Nf3 {[%emt 0:
01:13]} Qe7 {[%emt 0:04:52]} (6... e4 7. Nfd2 d5 8. f3 exf3 9. Qxf3 Nb6 10. Bd3
Bg4 11. Qf2 Bh5 12. c5 Nbd7 13. O-O Be7 14. b4 Bg6 15. Bxg6 hxg6 16. h3 Nf8 17.
Nc3 Ne6 18. Nf3 O-O 19. a4 Qb8 20. b5 Bd8 21. Ba3 Bc7 22. Rab1 Bg3 23. Qc2 Qd8
24. Ne2 Bc7 25. bxc6 bxc6 26. Rb7 Ne4 27. Nc3 Ng3 28. Rfb1 Re8 29. Qf2 Re7 30.
a5 Nf5 31. a6 Bg3 32. Qd2 Qa5 33. Rxe7 Nxe7 34. Nxd5 Qd8 35. Nxe7+ Qxe7 36. e4
{Nakamura,H (2775)-Topalov,V (2793) Stavanger 2013 1-0}) 7. Be2 $146 {[%emt 0:
01:46]} (7. g3 g6 8. Bg2 Bg7 9. O-O O-O 10. Nc3 Re8 11. h3 Nf8 12. e4 Nh5 13.
d5 c5 14. Ne1 Bh6 15. Nd3 f5 16. exf5 Bxf5 17. Ne4 Nd7 18. Kh2 Bxe4 19. Bxe4
Nhf6 20. Bg2 e4 21. Ne1 Bg7 22. Qc2 h5 23. f4 exf3 24. Bxf3 Ne5 25. Ng2 Nxf3+
26. Rxf3 Qe4 27. Qf2 Ng4+ 28. hxg4 Bxb2 29. Re1 Qd4 30. Qc2 Rxe1 31. Qxg6+ Qg7
32. Qxg7+ Bxg7 33. Nxe1 Re8 34. Nd3 hxg4 35. Rf4 {1/2-1/2 (35) Rusev,K (2545)
-Haub,T (2462) Odense 2013}) 7... g6 {[%emt 0:07:51]} 8. c5 $1 {[%emt 0:16:09]}
exd4 {[%emt 0:08:41]} 9. cxd6 {[%emt 0:00:08]} Qxd6 {[%emt 0:00:05]} 10. exd4 {
[%emt 0:00:06]} Nb6 {[%emt 0:10:24][%csl Gd5]} 11. O-O {[%emt 0:06:09]} Bf5 {
[%emt 0:03:01]} 12. Re1 {[%emt 0:15:31]} O-O-O {[%emt 0:02:28]} 13. Nbd2 {
[%emt 0:00:04]} Nbd5 {[%emt 0:04:15]} 14. Nc4 {[%emt 0:02:17]} Qc7 {[%emt 0:00:
20]} 15. a3 {[%emt 0:00:10]} g5 {[%emt 0:08:05]} 16. b4 {[%emt 0:01:09]} Kb8 {
[%emt 0:05:03]} 17. Nfe5 {[%emt 0:03:16]} Nf4 {[%emt 0:02:32]} 18. Rc1 {
[%emt 0:02:23]} (18. Bf1) 18... N6d5 {[%emt 0:02:58]} (18... Be6 19. Na5 Rd6)
19. Na5 $36 {[%emt 0:18:41][%csl Rc6][%cal Ga5c6,Ge5c6]} Rd6 {[%emt 0:02:48]}
20. Bg4 $1 {[%emt 0:04:30]} Bxg4 {[%emt 0:02:05]} 21. Qxg4 {[%emt 0:00:02]} Bg7
{[%emt 0:01:59]} 22. g3 {[%emt 0:00:37]} f5 {[%emt 0:04:24]} (22... Ne6) 23.
Qxf5 {[%emt 0:03:15]} Rf8 {[%emt 0:00:26]} 24. Nexc6+ $1 {[%emt 0:00:21]} bxc6
{[%emt 0:04:57]} 25. Qxf8+ $1 {[%emt 0:00:04] La pointe!} Bxf8 {[%emt 0:00:51]}
26. Re8+ {[%emt 0:00:04]} Qc8 {[%emt 0:02:07]} 27. Rxc8+ {[%emt 0:00:21]} Kxc8
{[%emt 0:00:06]} 28. gxf4 {[%emt 0:00:14]} Kd7 $2 {[%emt 0:01:59]} (28... Nxf4)
29. fxg5 {[%emt 0:00:25]} Rg6 {[%emt 0:02:00]} 30. h4 {[%emt 0:00:58]} h6 {
[%emt 0:00:27]} 31. Kf1 {[%emt 0:01:18]} hxg5 {[%emt 0:00:40]} 32. hxg5 {
[%emt 0:00:03]} Be7 {[%emt 0:00:45]} 33. Nc4 {[%emt 0:01:39]} Bd6 {[%emt 0:00:
20]} 34. Ne5+ {[%emt 0:01:31]} Bxe5 {[%emt 0:00:09]} 35. dxe5 {[%emt 0:00:21]}
Rxg5 {[%emt 0:00:10]} 36. Rc4 {[%emt 0:01:01]} Rh5 {[%emt 0:00:36]} 37. Kg2 {
[%emt 0:05:37]} Rg5+ {[%emt 0:00:29]} 38. Kf3 {[%emt 0:06:04]} Rg1 {[%emt 0:00:
58]} 39. Rc1 $18 {[%emt 0:00:31]} Rg8 {[%emt 0:00:19]} 40. Bd4 {[%emt 0:00:00]}
Ra8 {[%emt 0:00:00]} 41. Ke4 {[%emt 0:02:30]} Rf8 {[%emt 0:02:25]} 42. e6+ {
[%emt 0:01:39]} 1-0